000 00944cab a2200253 4500
001 WB3220-54
008 090401t1996 xxu||||| |||| 00| 0 eng d
035 _a(Sirsi) u8447
041 _aeng
245 _aMaterial circumstances
260 _c1996
350 _a0
490 _aEstates Gazette Case Summaries
_v[1996] EGCS 85, (1) (18/5/96)
520 _a"MJT Securities Ltd v SoS Environment and another" QBD 2 May 1996. A planning inspector`s failure to consider whether there were alternative development sites led to his decision to refuse planning permission for a petrol filling station being quashed.
650 _aALTERNATIVE SITES
650 _aBOLTON MBC V SOS ENVIRONMENT
650 _aMATERIAL CONSIDERATION
650 _aM J T SECURITIES LTD V SOS ENVIRONMENT AND ANOTHER
650 _aPLANNING PERMISSION
650 _aREFUSAL
690 _aPLANNING LAW AND PRACTICE-CASE LAW
942 _n0
948 _c04/03/1997
999 _c5205
_d5205